|
|
|
|
| LEADER |
00000nab a2200000 ar4500 |
| 001 |
vtls008418410 |
| 003 |
SK-MaSNL |
| 005 |
20260303070045.0 |
| 008 |
051213c2005 xo mr|p|||||||000 b|slo |
| 015 |
|
|
|a SNBRB2005/12
|2 snkbucl
|
| 038 |
|
|
|a SNKBUCL
|
| 040 |
|
|
|a SNKBUCL
|b slo
|c SNKBUCL
|e AACR2
|
| 041 |
0 |
|
|a slo
|
| 044 |
|
|
|a xo
|c SK
|
| 080 |
|
|
|a 72:06.068
|x (437.6)
|2 UDC-MRF-SK2
|
| 080 |
|
|
|a 06.068:72
|x (437.6)
|2 UDC-MRF-SK2
|
| 100 |
1 |
|
|a Urban, Ľudovít,
|d 1960-
|4 aut
|9 24647
|
| 245 |
1 |
0 |
|a Cena profesora Jozefa Lacka 2004-2005
|c Ľudovít Urban, Pavol Mikulíček, Marián Morávek
|
| 300 |
|
|
|b Obr.
|
| 650 |
0 |
7 |
|a Cena profesora Jozefa Lacka
|y za r. 2004/2005
|2 snkbucl
|9 1066989
|
| 650 |
0 |
7 |
|a ceny za architektúru
|2 snkbucl
|9 842825
|
| 700 |
1 |
|
|a Mikulíček, Pavol,
|d 1977-
|4 aut
|9 595929
|
| 700 |
1 |
|
|a Morávek, Marián
|4 aut
|9 1066990
|
| 773 |
0 |
|
|t ARCH
|g Roč. 10, č. 11 (2005), s. 41-45
|x 1335-3268
|
| 852 |
|
|
|a SNK
|b KIS3GCP
|
| 958 |
|
|
|a SK
|
| 999 |
|
|
|c 1753727
|d 1755657
|